[Event "C.to Provinciale BS"]
[Site "Ghedi ITA"]
[Date "2013.02.03"]
[Round "6"]
[White "Mondal, Prince"]
[Black "Dieli, Alberto"]
[WhiteElo "1938"]
[BlackElo "1953"]
[Result "1-0"]
[PlyCount "49"]
[EventDate "2013.01.26"]

1. e4 e5 2. Nf3 Nc6 3. Bb5 Nf6 4. d3 d6 5. c3 Be7 6. O-O O-O 7. Re1 Bd7 8. Nbd2
g6 9. Nf1 Kg7 10. Bd2 Ng8 11. d4 f5 12. exf5 exd4 13. Bxc6 bxc6 14. Nxd4 c5 15.
Ne6+ Bxe6 16. fxe6 d5 17. Qc1 Rf6 18. Bf4 Rf8 19. Ng3 Bf6 20. Qc2 Rb8 21. Rad1
Rb7 22. Ne4 Qb8 23. Rxd5 Rxb2 24. Qc1 Bd4 25. cxd4 1-0

[Event "C.to Provinciale BS"]
[Site "Ghedi ITA"]
[Date "2013.02.03"]
[Round "6"]
[White "Paglia, Angelo"]
[Black "Zorzi, Samuele"]
[WhiteElo "1688"]
[BlackElo "1667"]
[Result "1-0"]
[PlyCount "49"]
[EventDate "2013.01.26"]

1. d4 d5 2. Nf3 e6 3. g3 f5 4. Bg2 Nf6 5. c4 c6 6. Nc3 Bd6 7. c5 Bc7 8. O-O O-O
9. Bd2 Qe8 10. Ne5 Nbd7 11. Bf4 Ng4 12. Nxd7 Qxd7 13. Bxc7 Qxc7 14. h3 Nf6 15.
b4 e5 16. e3 exd4 17. Qxd4 b6 18. Rac1 Ne4 19. cxb6 axb6 20. Nxd5 Qb7 21. Rxc6
Rxa2 22. Bxe4 fxe4 23. Rc7 Qxc7 24. Nxc7 Bxh3 25. Qd5+ 1-0

[Event "C.to Provinciale BS"]
[Site "Ghedi ITA"]
[Date "2013.02.03"]
[Round "6"]
[White "Peli, Jordan"]
[Black "Frugoni, Giulio"]
[WhiteElo "1431"]
[BlackElo "1627"]
[Result "1-0"]
[PlyCount "35"]
[EventDate "2013.01.26"]

1. e4 c5 2. c3 d6 3. d4 cxd4 4. cxd4 Nf6 5. Nc3 a6 6. Nf3 Bg4 7. h3 Bh5 8. Be2
Qc7 9. Qa4+ Nfd7 10. Be3 Qd8 11. Qb3 b5 12. e5 h6 13. a4 Nc6 14. axb5 axb5 15.
Rxa8 Qxa8 16. O-O b4 17. Nb5 g5 18. Nc7+ 1-0

[Event "XXX Open Eporediese"]
[Site "Ivrea ITA"]
[Date "2013.01.19"]
[Round "1"]
[White "Castaldo, Antonio"]
[Black "Bosticardo, Tommaso"]
[WhiteElo "1587"]
[BlackElo "1837"]
[Result "1/2-1/2"]
[PlyCount "100"]
[EventDate "2013.01.24"]

1. Nf3 d5 2. g3 c5 3. d3 Nc6 4. Bg2 Nf6 5. Nbd2 e5 6. e4 Be7 7. O-O O-O 8. Qe2
Bg4 9. h3 Nd4 10. Qd1 Bxf3 11. Nxf3 dxe4 12. dxe4 Qc7 13. c3 Nc6 14. Qc2 Rfd8
15. Bg5 h6 16. Bxf6 Bxf6 17. Rfd1 b5 18. b3 Be7 19. Rd2 Rxd2 20. Qxd2 Rd8 21.
Qc2 Qd6 22. Bf1 a6 23. Be2 Qe6 24. Kg2 Rd7 25. Rd1 Bd8 26. Rxd7 Qxd7 27. Qd2
Qxd2 28. Nxd2 Ba5 29. Nb1 Kf8 30. f4 Ke7 31. Kf3 Kf6 32. Ke3 Bb6 33. c4 b4 34.
Nd2 Bc7 35. f5 Nd4 36. Bd1 Bd8 37. Nf3 Nc6 38. h4 g6 39. fxg6 fxg6 40. Nd2 Ke6
41. Bg4+ Kd6 42. Bd1 g5 43. h5 Nd4 44. Nf3 Ne6 45. Ng1 Ke7 46. Nh3 Kf6 47. g4
Nf4 48. Nf2 Ng2+ 49. Kd3 Nf4+ 50. Ke3 Ng2+ 1/2-1/2

[Event "XXX Open Eporediese"]
[Site "Ivrea ITA"]
[Date "2013.01.19"]
[Round "1"]
[White "Gennaro, Isabella"]
[Black "Bogatto, Mario"]
[WhiteElo "1658"]
[BlackElo "1430"]
[Result "1/2-1/2"]
[PlyCount "65"]
[EventDate "2013.01.24"]

1. e4 Nc6 2. Nf3 e6 3. d4 d6 4. Bb5 Bd7 5. O-O a6 6. Bd3 Be7 7. Bf4 Bf6 8. e5
dxe5 9. Bxe5 Bxe5 10. dxe5 Nge7 11. Nc3 Nb4 12. a3 Nxd3 13. Qxd3 Bc6 14. Qe3
Ng6 15. Rad1 Qe7 16. Ne4 Rd8 17. Rd4 Rxd4 18. Qxd4 O-O 19. Rd1 Bd5 20. c4 Bxe4
21. Qxe4 c6 22. Qd4 Re8 23. b4 Nf8 24. Qb6 Ng6 25. b5 cxb5 26. cxb5 axb5 27.
Qxb5 Rd8 28. Rxd8+ Qxd8 29. g3 Qc8 30. a4 h6 31. h4 Nf8 32. Qb4 Nd7 33. Qe7
1/2-1/2

[Event "XXX Open Eporediese"]
[Site "Ivrea ITA"]
[Date "2013.01.24"]
[Round "1"]
[White "Giachino, Adriano"]
[Black "Ranieri, Fabrizio"]
[WhiteElo "1624"]
[BlackElo "2304"]
[Result "0-1"]
[PlyCount "42"]
[EventDate "2013.01.24"]

1. e4 e6 2. d4 d5 3. Nc3 Nf6 4. Bg5 Be7 5. Nf3 Nxe4 6. Bxe7 Qxe7 7. Nxe4 dxe4
8. Ne5 Qb4+ 9. c3 Qxb2 10. Rc1 Qa3 11. Bc4 Nd7 12. Bxe6 fxe6 13. Qh5+ g6 14.
Qg5 Nxe5 15. dxe5 O-O 16. O-O Bd7 17. Rfe1 Qxa2 18. Rf1 Bb5 19. c4 Bxc4 20.
Rfe1 Qxf2+ 21. Kh1 Rf5 0-1

[Event "XXX Open Eporediese"]
[Site "Ivrea ITA"]
[Date "2013.01.24"]
[Round "1"]
[White "Listello, Massimiliano"]
[Black "Motto, Alexis"]
[WhiteElo "1770"]
[BlackElo "1747"]
[Result "1-0"]
[PlyCount "117"]
[EventDate "2013.01.24"]

1. e4 e6 2. d4 d5 3. Nc3 Nf6 4. Bg5 Be7 5. e5 Nfd7 6. h4 c5 7. Bxe7 Kxe7 8. Nf3
cxd4 9. Qxd4 Nc6 10. Qf4 a6 11. O-O-O Qc7 12. Rxd5 Ke8 13. Rd6 Ndxe5 14. Nxe5
Qxd6 15. Qxf7+ Kd8 16. Nxc6+ Qxc6 17. Rh3 Bd7 18. Qxg7 Kc7 19. Qe5+ Qd6 20.
Qxd6+ Kxd6 21. Rd3+ Kc7 22. g3 Bc6 23. Re3 Kd6 24. Bh3 e5 25. Kd2 Raf8 26. Ke2
Rf7 27. Ke1 Rhf8 28. Re2 Bf3 29. Rd2+ Kc7 30. b3 Rd8 31. Ne2 Rxd2 32. Kxd2 Bxe2
33. Kxe2 Kd6 34. a4 a5 35. Bg2 Kc5 36. Be4 Kd4 37. f3 h6 38. g4 Rg7 39. Kd2 b6
40. c3+ Kc5 41. Ke3 Kd6 42. Bd3 Rc7 43. Bc4 Rc8 44. g5 hxg5 45. hxg5 Rc7 46.
Ke4 Ke7 47. Kxe5 Rc5+ 48. Kf4 Kf8 49. Kg4 Kg7 50. f4 Rc7 51. f5 Rc5 52. Kf4 Kf8
53. Be6 Ke7 54. c4 Rc7 55. Ke5 Rc5+ 56. Bd5 Kf8 57. f6 Rc7 58. g6 b5 59. g7+
1-0

[Event "XXX Open Eporediese"]
[Site "Ivrea ITA"]
[Date "2013.01.24"]
[Round "1"]
[White "Paonessa, Denis"]
[Black "Trovero, Leo"]
[WhiteElo "1845"]
[BlackElo "1619"]
[Result "1-0"]
[PlyCount "81"]
[EventDate "2013.01.24"]

1. d4 g6 2. e4 Bg7 3. c4 d6 4. Nc3 Nd7 5. f4 e6 6. Nf3 Ne7 7. Be2 O-O 8. O-O e5
9. fxe5 dxe5 10. d5 f5 11. Bg5 h6 12. Be3 f4 13. Bf2 g5 14. c5 Ng6 15. d6 g4
16. Ne1 Nf6 17. Bc4+ Kh7 18. Qd3 c6 19. b4 Nh5 20. Rd1 f3 21. g3 Nf6 22. Nc2
Nd7 23. Ne3 Qg5 24. Be6 Nxc5 25. bxc5 Bxe6 26. Rb1 Rab8 27. Rb2 b5 28. cxb6
axb6 29. Qa6 Rfd8 30. Rd1 Bc8 31. Qc4 Bd7 32. a4 h5 33. Qf7 h4 34. Nf5 Bxf5 35.
exf5 Nh8 36. Qe6 hxg3 37. hxg3 Re8 38. Ne4 Qd8 39. Qc4 c5 40. Be3 Bh6 41. Rh2
1-0

[Event "XXX Open Eporediese"]
[Site "Ivrea ITA"]
[Date "2013.01.24"]
[Round "1"]
[White "Puzzangara, Elisa"]
[Black "Bellafiore, Enzo"]
[WhiteElo "1425"]
[BlackElo "1771"]
[Result "0-1"]
[PlyCount "110"]
[EventDate "2013.01.24"]

1. e4 Nf6 2. Nc3 d5 3. Nf3 dxe4 4. Ng5 Bf5 5. Bc4 e6 6. f3 exf3 7. Qxf3 c6 8.
d3 Bd6 9. O-O O-O 10. Re1 Re8 11. Nge4 Be7 12. Nxf6+ Bxf6 13. Ne4 Bxe4 14. Qxe4
Nd7 15. d4 Nb6 16. Bd3 Qxd4+ 17. Be3 Qxe4 18. Bxe4 Nc4 19. c3 Nxb2 20. Rac1 Nc4
21. Bd4 e5 22. Bc5 Be7 23. Bb4 a5 24. Bxe7 Rxe7 25. Rcd1 g6 26. Bd3 Nb2 27. Rd2
Na4 28. Rc1 Rd8 29. Rcc2 Red7 30. Bc4 Rxd2 31. Rc1 Rd1+ 32. Rxd1 Rxd1+ 33. Bf1
Nxc3 34. a3 Ra1 35. h3 Rxa3 36. Kh2 Ra1 37. Bd3 e4 38. Bc4 e3 39. Kg3 e2 40.
Bxe2 Nxe2+ 41. Kf2 Nf4 42. Kg3 Rf1 43. Kh2 Rf2 44. Kg3 Rxg2+ 45. Kxf4 a4 46.
Kf3 a3 47. Kxg2 a2 48. Kg3 a1=Q 49. Kg4 Kg7 50. Kf3 Kf6 51. Ke2 Kf5 52. Kd3 Ke5
53. Kc2 Kd4 54. Kd2 Qb2+ 55. Ke1 Ke3 0-1

[Event "XXX Open Eporediese"]
[Site "Ivrea ITA"]
[Date "2013.01.29"]
[Round "2"]
[White "Avetta, Roberto"]
[Black "Paonessa, Denis"]
[WhiteElo "1679"]
[BlackElo "1845"]
[Result "0-1"]
[PlyCount "40"]
[EventDate "2013.01.24"]

1. e4 e5 2. Nf3 Nc6 3. d4 exd4 4. Nxd4 Bc5 5. Be3 Qf6 6. c3 Nge7 7. Bc4 b6 8.
O-O Bb7 9. Nb5 Qe5 10. Bxc5 Qxc5 11. Qb3 Ne5 12. Nd2 O-O 13. Kh1 d5 14. exd5
Nxd5 15. f4 Ne3 16. Bxf7+ Nxf7 17. Rg1 Ng4 18. h3 Qf2 19. Nf1 Qh4 20. Qc4 Qxh3+
0-1

[Event "XXX Open Eporediese"]
[Site "Ivrea ITA"]
[Date "2013.01.31"]
[Round "2"]
[White "Bellafiore, Enzo"]
[Black "Bozza, Alberto"]
[WhiteElo "1771"]
[BlackElo "1538"]
[Result "1-0"]
[PlyCount "105"]
[EventDate "2013.01.24"]

1. d4 Nf6 2. Bf4 g6 3. e3 Bg7 4. Nf3 O-O 5. Nbd2 d5 6. Be2 c5 7. c3 Nc6 8. O-O
a6 9. a4 c4 10. b3 cxb3 11. Qxb3 Na5 12. Qb4 Nc6 13. Qc5 Re8 14. h3 e5 15. Nxe5
Nxe5 16. Bxe5 Nd7 17. Qd6 Bf8 18. Qc7 Nxe5 19. Qxd8 Rxd8 20. dxe5 Re8 21. Nf3
Bg7 22. Rfd1 Bxe5 23. Nxe5 Rxe5 24. Rd4 Be6 25. Rb1 Rb8 26. Bxa6 Bc8 27. Rdb4
Re7 28. Rd1 Ra8 29. Bb5 Be6 30. Rdd4 Rc8 31. c4 dxc4 32. Bxc4 Bxc4 33. Rdxc4
Ra8 34. Rb6 Ra6 35. Rcb4 Rxb6 36. Rxb6 Rd7 37. g4 Kf8 38. Kg2 Ke8 39. a5 Ke7
40. a6 bxa6 41. Rxa6 Rd6 42. Ra7+ Rd7 43. Ra8 Rd8 44. Rxd8 Kxd8 45. g5 Ke7 46.
f4 Ke6 47. e4 f6 48. h4 fxg5 49. hxg5 Kf7 50. Kf3 Ke6 51. Ke3 Kf7 52. Kd4 Ke6
53. Kc5 1-0

[Event "XXX Open Eporediese"]
[Site "Ivrea ITA"]
[Date "2013.01.31"]
[Round "2"]
[White "Bogatto, Mario"]
[Black "Chiarotto, Filippo"]
[WhiteElo "1430"]
[BlackElo "2078"]
[Result "0-1"]
[PlyCount "58"]
[EventDate "2013.01.24"]

1. e4 c5 2. Nf3 a6 3. c3 e6 4. d3 d5 5. exd5 exd5 6. Be2 Bd6 7. O-O Ne7 8. Re1
O-O 9. Bg5 f6 10. Bh4 Nf5 11. g3 g5 12. g4 Nxh4 13. Nxh4 gxh4 14. Bf3 Kh8 15.
Kh1 d4 16. cxd4 cxd4 17. Nd2 Nc6 18. Bxc6 bxc6 19. h3 c5 20. Ne4 Bb7 21. Qf3
Qd7 22. Qg2 f5 23. gxf5 Qxf5 24. Qg4 Qe5 25. Qg2 Rg8 26. Ng3 Bxg2+ 27. Kxg2
Qd5+ 28. Re4 hxg3 29. f3 Rab8 0-1

[Event "XXX Open Eporediese"]
[Site "Ivrea ITA"]
[Date "2013.01.31"]
[Round "2"]
[White "Bosticardo, Tommaso"]
[Black "Gennaro, Isabella"]
[WhiteElo "1837"]
[BlackElo "1658"]
[Result "1-0"]
[PlyCount "113"]
[EventDate "2013.01.24"]

1. d4 d5 2. Nf3 e6 3. c4 c5 4. cxd5 Qxd5 5. Nc3 Qd8 6. e4 cxd4 7. Qxd4 Bd7 8.
Ne5 Nf6 9. Nxd7 Nbxd7 10. e5 Bc5 11. Qa4 Nd5 12. Nxd5 exd5 13. Bd3 O-O 14. Bf4
Qh4 15. g3 Qg4 16. h3 Qf3 17. O-O Nxe5 18. Bxh7+ Kxh7 19. Bxe5 Qe4 20. Qxe4+
dxe4 21. Rac1 Bb6 22. Rc4 e3 23. fxe3 Bxe3+ 24. Kg2 f6 25. Bc3 Rac8 26. Re4 Bc5
27. Rfe1 Kg8 28. Rc4 Bd6 29. Rg4 Kf7 30. Rd1 Rcd8 31. Rc4 Bb8 32. Rf1 Rd3 33.
Rf3 Rfd8 34. Be1 Rxf3 35. Kxf3 Rd5 36. Rc8 Bd6 37. Rc2 Rc5 38. Re2 Re5 39. Bf2
Rxe2 40. Kxe2 Ke6 41. Kf3 a6 42. Bd4 Be5 43. Bxe5 Kxe5 44. Ke3 g6 45. h4 f5 46.
Kf2 a5 47. Ke3 b5 48. Kf3 b4 49. b3 Kd4 50. Kf4 Kc3 51. Kg5 Kb2 52. Kxg6 Kxa2
53. h5 Kxb3 54. h6 Ka2 55. h7 b3 56. h8=Q b2 57. Qa8 1-0

[Event "XXX Open Eporediese"]
[Site "Ivrea ITA"]
[Date "2013.01.31"]
[Round "2"]
[White "Puzzangara, Elisa"]
[Black "Giachino, Adriano"]
[WhiteElo "1425"]
[BlackElo "1624"]
[Result "0-1"]
[PlyCount "70"]
[EventDate "2013.01.24"]

1. e4 c5 2. Nc3 Nc6 3. Nf3 e6 4. Bb5 Nf6 5. d3 d5 6. exd5 Nxd5 7. Qe2 Qa5 8.
Bd2 Nxc3 9. Bxc3 Qxb5 10. O-O f6 11. Rfe1 Bd6 12. Nh4 Ne7 13. Qh5+ g6 14. Qh6
Bd7 15. Qg7 O-O-O 16. Qxf6 Rhf8 17. Qg5 Rde8 18. Bg7 Bf4 19. Qg4 e5 20. Qd1 Rf7
21. Bxe5 Bxe5 22. Rxe5 Qxb2 23. Rxc5+ Bc6 24. h3 Qd4 25. Nf3 Qxc5 26. Qe2 Nf5
27. Qd1 Nd4 28. Rc1 Ne2+ 29. Kf1 Nxc1 30. Qxc1 Bxf3 31. gxf3 Rxf3 32. Qd2 Ref8
33. Ke1 Rxf2 34. Qg5 Rf1+ 35. Ke2 R8f2# 0-1

[Event "XXX Open Eporediese"]
[Site "Ivrea ITA"]
[Date "2013.01.31"]
[Round "2"]
[White "Ranieri, Fabrizio"]
[Black "Listello, Massimiliano"]
[WhiteElo "2304"]
[BlackElo "1770"]
[Result "1-0"]
[PlyCount "73"]
[EventDate "2013.01.24"]

1. e4 e5 2. Nf3 Nc6 3. d4 exd4 4. Nxd4 Bc5 5. Nxc6 Qf6 6. Qf3 bxc6 7. Bc4 a5 8.
Nc3 Bd4 9. Bd2 Ne7 10. Qxf6 Bxf6 11. O-O Ba6 12. Bxa6 Rxa6 13. f4 d6 14. Rae1
Ng6 15. a4 O-O 16. b3 Bd4+ 17. Kh1 f6 18. Ne2 Bc5 19. Bc3 Bb4 20. Bxb4 axb4 21.
Nc1 c5 22. Nd3 Rf7 23. Kg1 Ra8 24. e5 fxe5 25. fxe5 Rxf1+ 26. Kxf1 Kf7 27. Kf2
Rf8 28. Kg3 Ra8 29. exd6 cxd6 30. Nf2 Rc8 31. Ne4 Rc6 32. Ng5+ Kf6 33. Nxh7+
Kf5 34. Rf1+ Ke6 35. Ng5+ Kd5 36. Rd1+ Ke5 37. Nf7+ 1-0

[Event "XXX Open Eporediese"]
[Site "Ivrea ITA"]
[Date "????.??.??"]
[Round "2"]
[White "Razzano, Lorenzo"]
[Black "Castaldo, Antonio"]
[WhiteElo "1982"]
[BlackElo "1587"]
[Result "1-0"]
[PlyCount "35"]
[EventDate "2013.01.24"]

1. e4 d6 2. d4 Nf6 3. Nc3 g6 4. f4 Bg7 5. e5 Nfd7 6. Nf3 O-O 7. h4 c5 8. h5 Nb6
9. hxg6 fxg6 10. dxc5 dxc5 11. Qe2 Nd5 12. Qc4 e6 13. Bd2 b6 14. O-O-O Bb7 15.
Ng5 Qe7 16. Rxh7 Ba6 17. Nxd5 exd5 18. Qxd5+ 1-0

[Event "XXX Open Eporediese"]
[Site "Ivrea ITA"]
[Date "2013.01.31"]
[Round "2"]
[White "Trovero, Leo"]
[Black "Moratto, Davide"]
[WhiteElo "1619"]
[BlackElo "1813"]
[Result "1-0"]
[PlyCount "47"]
[EventDate "2013.01.24"]

1. e4 b6 2. d4 Bb7 3. Bd3 Nf6 4. Nc3 e6 5. Nge2 c5 6. O-O d6 7. Bg5 h6 8. Bh4
g5 9. Bg3 cxd4 10. Nxd4 e5 11. Nf5 Be7 12. Bb5+ Kf8 13. Qe2 a6 14. Bc4 b5 15.
Bb3 Nbd7 16. Rad1 Nc5 17. Bxe5 Qa5 18. Bxd6 Bxd6 19. Nxd6 Nxb3 20. axb3 Bc6 21.
Rfe1 Ra7 22. Nd5 Kg7 23. Nf5+ Kf8 24. Nxf6 1-0

[Event "XXX Open Eporediese"]
[Site "Ivrea ITA"]
[Date "2013.02.02"]
[Round "3"]
[White "Bosticardo, Tommaso"]
[Black "Razzano, Lorenzo"]
[WhiteElo "1837"]
[BlackElo "1982"]
[Result "0-1"]
[PlyCount "52"]
[EventDate "2013.01.24"]

1. d4 c5 2. d5 e5 3. e4 g6 4. c4 d6 5. Nc3 Bg7 6. Nge2 Nd7 7. Be3 Nh6 8. f3 f5
9. Qd2 f4 10. Bf2 a6 11. g3 g5 12. gxf4 exf4 13. h4 Ne5 14. Ng1 g4 15. Qxf4
gxf3 16. Qg3 Nhg4 17. O-O-O h5 18. Nh3 Qf6 19. Bg1 Bd7 20. Re1 b5 21. Nf2 Bh6+
22. Kb1 Bf4 23. Nxg4 hxg4 24. Qf2 g3 25. Qc2 b4 26. Nd1 Rxh4 0-1

[Event "XXX Open Eporediese"]
[Site "Ivrea ITA"]
[Date "2013.02.02"]
[Round "3"]
[White "Bozza, Alberto"]
[Black "Avetta, Roberto"]
[WhiteElo "1538"]
[BlackElo "1679"]
[Result "0-1"]
[PlyCount "98"]
[EventDate "2013.01.24"]

1. c4 e5 2. g3 Nf6 3. Bg2 Nc6 4. Nc3 Bc5 5. Nf3 d5 6. cxd5 Nxd5 7. O-O Be6 8.
a3 a5 9. d3 O-O 10. Ng5 Qd6 11. Nxe6 Nxc3 12. bxc3 Qxe6 13. c4 Rfd8 14. Rb1 b6
15. Qa4 Rd6 16. Bd2 Rad8 17. Bxc6 Rxc6 18. Rbd1 e4 19. Bf4 e3 20. Bxe3 Bxe3 21.
fxe3 Qxe3+ 22. Kh1 Re6 23. Rde1 Rde8 24. Qd7 R6e7 25. Qg4 Qc5 26. Qf3 Qxa3 27.
Qd5 Qc3 28. Rc1 Qd2 29. Rcd1 Qh6 30. e4 Qe6 31. Rc1 Rd7 32. Qxe6 Rxe6 33. Rc3
Red6 34. Rd1 f6 35. Kg2 Kf7 36. Kf3 Ke6 37. Ke3 f5 38. exf5+ Kxf5 39. h3 h5 40.
Kf3 g5 41. Kg2 g4 42. h4 Ke5 43. Kf2 Kd4 44. Rb3 Rf6+ 45. Kg2 Re7 46. Rd2 Rf3
47. Rb5 Ree3 48. Rxh5 Rxg3+ 49. Kf2 Kc3 0-1

[Event "XXX Open Eporediese"]
[Site "Ivrea ITA"]
[Date "2013.01.31"]
[Round "3"]
[White "Chiarotto, Filippo"]
[Black "Bellafiore, Enzo"]
[WhiteElo "2078"]
[BlackElo "1771"]
[Result "1-0"]
[PlyCount "54"]
[EventDate "2013.01.24"]

1. e4 Nf6 2. e5 Nd5 3. c4 Nb6 4. c5 Nd5 5. Nc3 Nxc3 6. bxc3 e6 7. d4 d6 8. cxd6
cxd6 9. Nf3 Be7 10. Bd3 Bd7 11. O-O dxe5 12. Nxe5 Nc6 13. Nxd7 Qxd7 14. Be3 Bf6
15. Qe2 O-O 16. f4 Ne7 17. g4 Nd5 18. Bd2 Rfd8 19. Qe4 Nxc3 20. Bxc3 Bxd4+ 21.
Bxd4 Qxd4+ 22. Qxd4 Rxd4 23. Rad1 Rad8 24. Bc2 Rxd1 25. Rxd1 Rxd1+ 26. Bxd1 Kf8
27. Kf2 Ke7 1-0

[Event "XXX Open Eporediese"]
[Site "Ivrea ITA"]
[Date "2013.02.07"]
[Round "3"]
[White "Gennaro, Isabella"]
[Black "Moratto, Davide"]
[WhiteElo "1658"]
[BlackElo "1813"]
[Result "1-0"]
[PlyCount "41"]
[EventDate "2013.01.24"]

1. e4 d6 2. d4 Nf6 3. Nc3 g6 4. Bg5 Bg7 5. f4 O-O 6. Nf3 Bg4 7. h3 Bxf3 8. Qxf3
c6 9. e5 dxe5 10. fxe5 Nd5 11. Bc4 Nxc3 12. Qxc3 h6 13. Bf4 e6 14. O-O-O Nd7
15. h4 b5 16. Bd3 Rc8 17. Qd2 Kh7 18. h5 Nb6 19. hxg6+ fxg6 20. Bxh6 Rh8 21.
Bg5+ 1-0

[Event "XXX Open Eporediese"]
[Site "Ivrea ITA"]
[Date "2013.02.07"]
[Round "3"]
[White "Listello, Massimiliano"]
[Black "Trovero, Leo"]
[WhiteElo "1770"]
[BlackElo "1619"]
[Result "1/2-1/2"]
[PlyCount "175"]
[EventDate "2013.01.24"]

1. d4 Nf6 2. Nf3 d6 3. g3 g6 4. c4 Bg7 5. Bg2 O-O 6. Nc3 Nbd7 7. e4 e5 8. d5
Nc5 9. Qc2 a5 10. O-O Bd7 11. h3 Nh5 12. a3 a4 13. Be3 f5 14. Bg5 Qe8 15. Nd2
f4 16. g4 Nf6 17. f3 h6 18. Bh4 Nh7 19. Rfc1 Bf6 20. Bf2 Qe7 21. b4 axb3 22.
Nxb3 Nxb3 23. Qxb3 b6 24. Bf1 Bh4 25. Ra2 Bxf2+ 26. Rxf2 Qh4 27. Bg2 Ng5 28.
Ne2 Kg7 29. Qc3 Rh8 30. Nxf4 Kf7 31. Ne2 Raf8 32. Rcf1 Kg7 33. f4 Nf7 34. f5
gxf5 35. exf5 Kg8 36. Qd3 Ng5 37. Qg3 Qxg3 38. Nxg3 Ra8 39. Ra1 Ra4 40. Rc2 Kf7
41. h4 Nh7 42. Bh3 Rha8 43. Rc3 Bc8 44. Ne4 Nf6 45. Ng3 Ba6 46. Rac1 Bb7 47. g5
hxg5 48. hxg5 Nd7 49. Ne4 Rxa3 50. f6 Nc5 51. Nxc5 bxc5 52. Bf5 Rxc3 53. Rxc3
Bc8 54. Be4 Bd7 55. Rc2 Rg8 56. Rg2 Bc8 57. Kf2 Ba6 58. Bf5 Rb8 59. Be6+ Kg6
60. Rg4 Rb2+ 61. Ke3 Rb3+ 62. Ke4 Bxc4 63. Bf5+ Kf7 64. Be6+ Kg6 65. Rg1 Bd3+
66. Ke3 Bc4+ 67. Kd2 Rf3 68. f7 c6 69. Bg4 Rxf7 70. dxc6 Rc7 71. Bd7 Bd5 72.
Be8+ Kg7 73. Rf1 Bxc6 74. Bxc6 Rxc6 75. Rf6 c4 76. Kc3 e4 77. Re6 e3 78. Rxe3
Kg6 79. Rg3 Rc5 80. Rg1 d5 81. Kd4 Rb5 82. Ke3 Rb3+ 83. Kd2 d4 84. Rg4 Rd3+ 85.
Kc2 Rc3+ 86. Kd2 Rd3+ 87. Kc2 Rc3+ 88. Kd2 1/2-1/2

[Event "XXX Open Eporediese"]
[Site "Ivrea ITA"]
[Date "2013.02.07"]
[Round "3"]
[White "Paonessa, Denis"]
[Black "Ranieri, Fabrizio"]
[WhiteElo "1845"]
[BlackElo "2304"]
[Result "1-0"]
[PlyCount "47"]
[EventDate "2013.01.24"]

1. d4 d5 2. c4 e6 3. Nc3 Nf6 4. Bg5 Nbd7 5. e3 c6 6. Nf3 Be7 7. Bd3 a6 8. c5 e5
9. dxe5 Ng4 10. Bf4 Nxc5 11. Bc2 h5 12. h3 Nh6 13. Nd4 g5 14. Bh2 g4 15. hxg4
Nxg4 16. Nf5 Bxf5 17. Bxf5 Qb6 18. Qe2 Nd7 19. e6 fxe6 20. Bxe6 O-O-O 21. Bf4
Bb4 22. O-O Bxc3 23. bxc3 Qc5 24. Rab1 1-0

[Event "XXX Open Eporediese"]
[Site "Ivrea ITA"]
[Date "2013.02.15"]
[Round "4"]
[White "Avetta, Roberto"]
[Black "Bosticardo, Tommaso"]
[WhiteElo "1679"]
[BlackElo "1837"]
[Result "0-1"]
[PlyCount "64"]
[EventDate "2013.01.24"]

1. d4 d5 2. c4 e6 3. Nc3 Nf6 4. Bg5 Be7 5. Nf3 O-O 6. e3 h6 7. Bh4 b6 8. Bd3
Bb7 9. b3 c5 10. O-O Nc6 11. a3 Rc8 12. Rc1 cxd4 13. Nxd4 Nxd4 14. exd4 Bxa3
15. Ra1 Bb2 16. Rxa7 Bxc3 17. Bxf6 Qxf6 18. Rxb7 dxc4 19. Bxc4 Bxd4 20. Qg4
Rfd8 21. Kh1 Bc5 22. f4 Rd4 23. g3 Rcd8 24. Kg2 Rd2+ 25. Kh3 Qb2 26. Rh1 Bg1
27. Qh4 Rxh2+ 28. Rxh2 Qxh2+ 29. Kg4 Qd2 30. Qe7 Qd1+ 31. Kh3 Qh5+ 32. Kg2 Rd2+
0-1

[Event "XXX Open Eporediese"]
[Site "Ivrea ITA"]
[Date "2013.02.14"]
[Round "4"]
[White "Bellafiore, Enzo"]
[Black "Giachino, Adriano"]
[WhiteElo "1771"]
[BlackElo "1624"]
[Result "1-0"]
[PlyCount "99"]
[EventDate "2013.01.24"]

1. d4 d5 2. Bf4 Nf6 3. e3 e6 4. Nf3 Nbd7 5. Bd3 Be7 6. Nbd2 c5 7. c3 c4 8. Bc2
O-O 9. O-O b5 10. h3 Nb6 11. Ne5 Bb7 12. Ndf3 Nbd7 13. Qe2 Ne4 14. Nxd7 Qxd7
15. Ne5 Qd8 16. f3 Nf6 17. g4 Nd7 18. e4 dxe4 19. Bxe4 Bxe4 20. Qxe4 Nxe5 21.
Bxe5 Bd6 22. Rad1 f5 23. Qc6 Bxe5 24. Qxe6+ Kh8 25. dxe5 Qh4 26. Kg2 f4 27. Rd2
Rae8 28. Qa6 Rd8 29. Re2 Rfe8 30. e6 Rd3 31. Qc6 Rdd8 32. Qe4 Qf6 33. Rfe1 Rd6
34. Qe5 Qxe5 35. Rxe5 Kg8 36. Kf2 a6 37. h4 Rd2+ 38. R1e2 Rd3 39. R5e4 Rd6 40.
Rxf4 Rdxe6 41. Rfe4 Kf7 42. Rf4+ Rf6 43. Rxf6+ gxf6 44. Rxe8 Kxe8 45. f4 Kf7
46. Ke3 Ke6 47. Ke4 h6 48. Kd4 Kd6 49. g5 fxg5 50. fxg5 1-0

[Event "XXX Open Eporediese"]
[Site "Ivrea ITA"]
[Date "2013.02.14"]
[Round "4"]
[White "Bogatto, Mario"]
[Black "Puzzangara, Elisa"]
[WhiteElo "1430"]
[BlackElo "1425"]
[Result "1-0"]
[PlyCount "95"]
[EventDate "2013.01.24"]

1. Nf3 d5 2. g3 Nf6 3. Bg2 Nc6 4. c3 e5 5. d3 h6 6. O-O Bc5 7. Be3 Bb6 8. Bxb6
axb6 9. Nbd2 O-O 10. Nb3 Bg4 11. h3 Bxf3 12. Bxf3 Qd7 13. Bg2 Rfe8 14. e3 Qc8
15. Qc2 e4 16. a3 exd3 17. Qxd3 Rd8 18. Rad1 Ne7 19. Nd4 g6 20. Qe2 Nc6 21. Nf3
Qf5 22. Nd4 Nxd4 23. cxd4 g5 24. g4 Qg6 25. f3 h5 26. Qd3 Qxd3 27. Rxd3 Rd6 28.
Rc1 c6 29. Rdc3 Ra5 30. R1c2 b5 31. Kf2 Ra4 32. Bf1 hxg4 33. hxg4 Ra8 34. Kg3
Re8 35. Re2 Rc8 36. Rec2 b6 37. Bxb5 c5 38. dxc5 Rxc5 39. Rxc5 bxc5 40. Rxc5
Rb6 41. a4 Rd6 42. Rc6 Rxc6 43. Bxc6 Kf8 44. a5 Ke7 45. b4 Kd6 46. b5 Kc5 47.
Kf2 Kb4 48. a6 1-0

[Event "XXX Open Eporediese"]
[Site "Ivrea ITA"]
[Date "2013.02.14"]
[Round "4"]
[White "Bozza, Alberto"]
[Black "Listello, Massimiliano"]
[WhiteElo "1538"]
[BlackElo "1770"]
[Result "1/2-1/2"]
[PlyCount "111"]
[EventDate "2013.01.24"]

1. c4 Nf6 2. g3 g6 3. Bg2 Bg7 4. Nc3 O-O 5. Nf3 d6 6. O-O e5 7. d3 Nc6 8. Bg5
h6 9. Bd2 Ne8 10. Qc1 Kh7 11. a3 a5 12. Qc2 f5 13. e3 Be6 14. Rab1 Qc8 15. b4
axb4 16. axb4 Nf6 17. b5 Ne7 18. Rfc1 g5 19. Ne2 Ng6 20. d4 f4 21. dxe5 Bf5 22.
Qb2 dxe5 23. exf4 exf4 24. Bc3 Bxb1 25. Qxb1 Ng8 26. Ned4 fxg3 27. hxg3 N8e7
28. Kh2 Nf5 29. Nxf5 Qxf5 30. Qxf5 Rxf5 31. Kg1 Raf8 32. Bxg7 Kxg7 33. Nd4 R5f6
34. Bd5 Re8 35. Bxb7 Re5 36. Kg2 Nf8 37. Bc6 Rd6 38. Bd5 Nd7 39. Nc6 Re8 40.
Na5 Nc5 41. Rc2 Kf6 42. Nb7 Nxb7 43. Bxb7 Re5 44. c5 Rd4 45. b6 Re7 46. Ba8
cxb6 47. cxb6 Rb4 48. b7 Rexb7 49. Bxb7 Rxb7 50. g4 Rb6 51. Kg3 Ke5 52. f3 Kd4
53. Re2 Kd3 54. Kf2 Rf6 55. Re3+ Kd4 56. Re4+ 1/2-1/2

[Event "XXX Open Eporediese"]
[Site "Ivrea ITA"]
[Date "2013.02.14"]
[Round "4"]
[White "Ranieri, Fabrizio"]
[Black "Chiarotto, Filippo"]
[WhiteElo "2304"]
[BlackElo "2078"]
[Result "1/2-1/2"]
[PlyCount "132"]
[EventDate "2013.01.24"]

1. e4 c5 2. Nf3 a6 3. d4 cxd4 4. Nxd4 Nf6 5. Nc3 e5 6. Nf3 Bb4 7. Bc4 Qc7 8.
Qd3 b5 9. Bb3 Bxc3+ 10. bxc3 Bb7 11. Ba3 Nxe4 12. O-O d6 13. Rae1 f5 14. Nd2
Nd7 15. Nxe4 fxe4 16. Qxd6 Qxd6 17. Bxd6 Rc8 18. Re3 Nc5 19. Rg3 Nxb3 20. cxb3
g6 21. Rc1 Kf7 22. Bxe5 Rhd8 23. Bf4 Ke6 24. Kf1 Kf5 25. Bh6 Rd3 26. Rxd3 exd3
27. f3 g5 28. Bg7 Rg8 29. Bd4 g4 30. fxg4+ Rxg4 31. g3 Re4 32. Re1 Rxe1+ 33.
Kxe1 Ke4 34. Bb6 Kf3 35. Kd2 Ke4 36. Bd8 Bc8 37. Bg5 Bf5 38. Bf6 Be6 39. Be7 h5
40. Bg5 Bf5 41. Be3 Be6 42. Ba7 Bd5 43. h3 Be6 44. h4 Bf5 45. Bb8 Be6 46. Bf4
Bd5 47. Kc1 Kf3 48. Kd2 Ke4 49. Ke1 Kf3 50. Bg5 Be6 51. Kd2 Ke4 52. Be3 Bd5 53.
Bf2 Be6 54. Be1 Bd5 55. g4 hxg4 56. h5 Bf7 57. h6 Bg6 58. Bf2 Kf3 59. Be3 g3
60. c4 bxc4 61. bxc4 Ke4 62. Bg1 g2 63. Ba7 Bh7 64. Bg1 Bg6 65. c5 Kd5 66. Be3
Be4 1/2-1/2